[Event "Deutsche Ländermeisterschaft 2003"]
[Site "Kassel GER"]
[Date "2003.10.22"]
[Round "6"]
[White "Rittemann, Steffen"]
[Black "Schmidt, Armin"]
[Result "1-0"]
[Termination "normal"]
[Board "6.4"]
[WhiteElo "1588"]
[BlackElo "1803"]
[WhiteTeam "Mecklenburg-Vorpommern"]
[BlackTeam "Hamburg"]
[PlyCount "73"]
[WhiteFideId "24620009"]
[BlackFideId "24610160"]
[EventCountry "GER"]
[EventRounds "7"]
[EventType "team-swiss"]
[EventDate "2003.10.18"]

1. e4 c6 2. d4 d5 3. exd5 cxd5 4. Bd3 Nc6 5. Bf4 Nf6 6. c3 Bg4 7. Nf3 e6 8.
Nbd2 Bd6 9. Bxd6 Qxd6 10. h3 Bh5 11. O-O g5 12. Qa4 g4 13. hxg4 Nxg4 14. Rfe1
O-O-O 15. Bb5 a6 16. Bxc6 Qxc6 17. Qxc6+ bxc6 18. Ne5 Kc7 19. Ndf3 Nf6 20. Re3
Ne4 21. Nh2 Rhg8 22. Nf1 Rg7 23. Rh3 Rdg8 24. Ne3 Be2 25. f3 Ng5 26. Rg3 h5 27.
Kf2 f5 28. Rxg5 Rxg5 29. f4 R5g7 30. Kxe2 Rh7 31. Rh1 h4 32. Kf2 Rb8 33. b3 a5
34. Nd3 Kd6 35. Nc5 Rg8 36. Nf1 Rb8 37. Nd2 1-0

[Event "Deutsche Ländermeisterschaft 2003"]
[Site "Kassel GER"]
[Date "2003.10.22"]
[Round "6"]
[White "Rohlfs, Ricarda"]
[Black "Stemmler, Lysan"]
[Result "0-1"]
[Termination "normal"]
[Board "6.5"]
[WhiteElo "1671"]
[BlackElo "1686"]
[WhiteTeam "Hamburg"]
[BlackTeam "Mecklenburg-Vorpommern"]
[PlyCount "52"]
[BlackFideId "24622451"]
[EventCountry "GER"]
[EventRounds "7"]
[EventType "team-swiss"]
[EventDate "2003.10.18"]

1. e4 d6 2. d4 Nf6 3. Nc3 g6 4. Be3 c6 5. a4 Bg7 6. Qd2 Nbd7 7. h3 e5 8. dxe5
dxe5 9. O-O-O O-O 10. Bh6 Qa5 11. Bxg7 Kxg7 12. Nf3 b5 13. Nh2 bxa4 14. Ng4 Ng8
15. h4 h5 16. Nh2 Ndf6 17. f3 Rb8 18. Be2 Qb4 19. Qg5 Qxb2+ 20. Kd2 Rd8+ 21.
Bd3 Rxd3+ 22. Kxd3 Ba6+ 23. Ke3 Qxc3+ 24. Kf2 Qxc2+ 25. Rd2 Qc5+ 26. Kg3 Ng4
0-1

[Event "Deutsche Ländermeisterschaft 2003"]
[Site "Kassel GER"]
[Date "2003.10.22"]
[Round "6"]
[White "Friedrich, Paul-Robert"]
[Black "Chin, Karin"]
[Result "1-0"]
[Termination "normal"]
[Board "6.6"]
[WhiteElo "1580"]
[BlackElo "1762"]
[WhiteTeam "Mecklenburg-Vorpommern"]
[BlackTeam "Hamburg"]
[PlyCount "129"]
[WhiteFideId "24616036"]
[BlackFideId "24608157"]
[EventCountry "GER"]
[EventRounds "7"]
[EventType "team-swiss"]
[EventDate "2003.10.18"]

1. d4 Nf6 2. c4 g6 3. Nc3 Bg7 4. e4 d6 5. Nf3 O-O 6. Be2 e5 7. O-O Nc6 8. d5
Ne7 9. Ne1 Ne8 10. Be3 f5 11. f3 f4 12. Bf2 g5 13. b4 Rf7 14. c5 Bf8 15. Bc4
Rg7 16. Nd3 Kh8 17. Qc2 Ng6 18. Rfc1 g4 19. Kf1 gxf3 20. gxf3 Nh4 21. Ne1 dxc5
22. bxc5 Qg5 23. Ke2 Nf6 24. Qd3 a6 25. Bb3 Qh5 26. Ba4 Ng2 27. h4 Nxh4 28. d6
cxd6 29. cxd6 b5 30. Bb3 Rd7 31. Nd5 Ne8 32. Nxf4 exf4 33. Qd5 Qxd5 34. Bxd5
Rb8 35. Bxh4 Rxd6 36. Bg5 Be6 37. Bxf4 Bxd5 38. exd5 Rdd8 39. Bxb8 Rxb8 40. Rc6
a5 41. Nc2 Rd8 42. Rd1 Nd6 43. Nd4 Rd7 44. Ne6 Be7 45. Ra6 h6 46. Rxa5 Kh7 47.
Nd4 Bd8 48. Ra8 Bf6 49. Rb8 Re7+ 50. Ne6 Rf7 51. Nf8+ Kg7 52. Rg1+ Bg5 53. f4
Rxf8 54. Rxf8 Kxf8 55. fxg5 hxg5 56. Rxg5 Ne4 57. Rf5+ Kg7 58. Kd3 Nd6 59. Rf4
Nb7 60. Rb4 Nd6 61. Kd4 Kf6 62. Kc5 Ke7 63. Rxb5 Nxb5 64. Kxb5 Kd6 65. Kb6 1-0

[Event "Deutsche Ländermeisterschaft 2003"]
[Site "Kassel GER"]
[Date "2003.10.22"]
[Round "6"]
[White "Stellfeld, Tilman"]
[Black "Krause, Friederike"]
[Result "1-0"]
[Termination "normal"]
[Board "6.7"]
[WhiteElo "1210"]
[BlackElo "923"]
[WhiteTeam "Hamburg"]
[BlackTeam "Mecklenburg-Vorpommern"]
[PlyCount "69"]
[WhiteFideId "24651311"]
[EventCountry "GER"]
[EventRounds "7"]
[EventType "team-swiss"]
[EventDate "2003.10.18"]

1. d4 e6 2. c4 Nf6 3. Nc3 Be7 4. Nf3 Nc6 5. Bg5 d5 6. e3 b6 7. Rc1 h6 8. Bh4
Bb7 9. cxd5 exd5 10. Bd3 O-O 11. Bb1 Qd7 12. a3 Rfe8 13. O-O Ba6 14. Bd3 Bxd3
15. Qxd3 Na5 16. Ne5 Qe6 17. Na2 c5 18. b4 c4 19. Qe2 Nb3 20. Rc3 Ne4 21. Bxe7
Nxc3 22. Nxc3 Rxe7 23. Re1 Qf5 24. g4 Qe6 25. h3 f6 26. Ng6 Rc7 27. Nf4 Qc6 28.
Nfxd5 Rd7 29. Nf4 a5 30. b5 Qd6 31. Qxc4+ Kf8 32. Qxb3 g5 33. Ne4 Qe7 34. Ng6+
Ke8 35. Qg8+ 1-0

[Event "Deutsche Ländermeisterschaft 2003"]
[Site "Kassel GER"]
[Date "2003.10.22"]
[Round "6"]
[White "Anton, Florian"]
[Black "Garny, Annica"]
[Result "0-1"]
[Termination "normal"]
[Board "6.8"]
[WhiteElo "890"]
[BlackElo "1025"]
[WhiteTeam "Mecklenburg-Vorpommern"]
[BlackTeam "Hamburg"]
[PlyCount "58"]
[BlackFideId "24600660"]
[EventCountry "GER"]
[EventRounds "7"]
[EventType "team-swiss"]
[EventDate "2003.10.18"]

1. e4 e5 2. Nf3 Nc6 3. d4 exd4 4. Nxd4 d5 5. exd5 Qxd5 6. Bb5 Qxg2 7. Bxc6+
bxc6 8. Rf1 Bc5 9. Qe2+ Ne7 10. Qe5 Bd6 11. Qe3 Ba6 12. Ne2 O-O 13. h4 Rae8 14.
Qxa7 Bxe2 15. Kxe2 Nc8+ 16. Qe3 Rxe3+ 17. Bxe3 Qe4 18. c3 Qc2+ 19. Nd2 Qxb2 20.
Rg1 g6 21. Bh6 Re8+ 22. Kd3 Rd8 23. Rge1 Bf4+ 24. Ke4 Re8+ 25. Kxf4 Rxe1 26.
Rxe1 Qxd2+ 27. Re3 Qxf2+ 28. Kg4 f5+ 29. Kh3 Nd6 0-1